Attitude and perception towards organizational change of bloomfield academy employees / (Record no. 329808)
[ view plain ]
| 000 -LEADER | |
|---|---|
| fixed length control field | 00613nam a2200205Ia 4500 |
| 008 - FIXED-LENGTH DATA ELEMENTS--GENERAL INFORMATION | |
| fixed length control field | 170504s9999 xx 000 0 und d |
| 050 ## - LIBRARY OF CONGRESS CALL NUMBER | |
| Classification number | HD 58.7 |
| 050 ## - LIBRARY OF CONGRESS CALL NUMBER | |
| Item number | .N638 2016 |
| 100 ## - MAIN ENTRY--PERSONAL NAME | |
| Personal name | Nicolas, Erikka G. |
| 245 ## - TITLE STATEMENT | |
| Title | Attitude and perception towards organizational change of bloomfield academy employees / |
| 245 ## - TITLE STATEMENT | |
| Statement of responsibility, etc | Erikka G. Nicolas. |
| 260 ## - PUBLICATION, DISTRIBUTION, ETC. (IMPRINT) | |
| Place of publication, distribution, etc | Las Piñas, Philippines : |
| 260 ## - PUBLICATION, DISTRIBUTION, ETC. (IMPRINT) | |
| Name of publisher, distributor, etc | SISC, |
| 260 ## - PUBLICATION, DISTRIBUTION, ETC. (IMPRINT) | |
| Date of publication, distribution, etc | 2016. |
| 300 ## - PHYSICAL DESCRIPTION | |
| Extent | 52 pages : |
| 300 ## - PHYSICAL DESCRIPTION | |
| Other physical details | illustrations ; |
| 300 ## - PHYSICAL DESCRIPTION | |
| Dimensions | 28 cm. |
| 500 ## - GENERAL NOTE | |
| General note | Includes bibliographical references and appendices. |
| 521 ## - TARGET AUDIENCE NOTE | |
| Target audience note | Business Administration |
No items available.